Statistics for How To Get Away With Murder

Click here to take the quiz!

General Stats

  • This quiz has been taken 731 times
  • The average score is 8 of 11

Answer Stats

HintAnswer% Correct
The One whose mother is deadwes
90%
The One who killed Lila Stangardfrank
86%
The One who gets firedbonnie
82%
The One with a huge familylaurel
81%
The One who is a police officernate
81%
Top Law Teacherannalise keating
80%
The One whose father is a judgeasher
80%
The One Who pretends to be on drugsconnor
80%
The One who gets burnedsam
66%
The One Who Lost their ringmichaela pratt
55%
The One who liesrebbecca
6%

Score Distribution

Percentile by Number Answered

Percent of People with Each Score

Your Score History

You have not taken this quiz